Quantitative Techniques I (Record no. 234415)
[ view plain ]
| 000 -LEADER | |
|---|---|
| fixed length control field | 00698nam a22002417a 4500 |
| 005 - DATE AND TIME OF LATEST TRANSACTION | |
| control field | 20250614101259.0 |
| 008 - FIXED-LENGTH DATA ELEMENTS--GENERAL INFORMATION | |
| fixed length control field | 250611b |||||||| |||| 00| 0 eng d |
| 040 ## - CATALOGING SOURCE | |
| Transcribing agency | AL |
| 041 ## - LANGUAGE CODE | |
| Language code of text/sound track or separate title | English |
| 082 ## - DEWEY DECIMAL CLASSIFICATION NUMBER | |
| Edition number | 23 |
| Classification number | 519.5 |
| Item number | GIRQ |
| 100 ## - MAIN ENTRY--PERSONAL NAME | |
| Personal name | Giridhar K V |
| 100 ## - MAIN ENTRY--PERSONAL NAME | |
| 9 (RLIN) | 215043 |
| 245 ## - TITLE STATEMENT | |
| Title | Quantitative Techniques I |
| 250 ## - EDITION STATEMENT | |
| Edition statement | 1 |
| 260 ## - PUBLICATION, DISTRIBUTION, ETC. | |
| Place of publication, distribution, etc. | Mangalore |
| Name of publisher, distributor, etc. | United Agencies |
| Date of publication, distribution, etc. | 2024 |
| 300 ## - PHYSICAL DESCRIPTION | |
| Extent | 300p. |
| Other physical details | PB |
| Dimensions | 22x13.5cm. |
| 365 ## - TRADE PRICE | |
| Price amount | ₹250.00 |
| Currency code | ₹ |
| Unit of pricing | ₹250.00 |
| 520 ## - SUMMARY, ETC. | |
| Summary, etc. | Rakshitha K. Faculty of St Aloysius (Deemed to be University) |
| 650 ## - SUBJECT ADDED ENTRY--TOPICAL TERM | |
| Topical term or geographic name entry element | Mathematical Statistics |
| 9 (RLIN) | 214374 |
| 650 ## - SUBJECT ADDED ENTRY--TOPICAL TERM | |
| Topical term or geographic name entry element | I SEM B COM |
| 9 (RLIN) | 214375 |
| 700 ## - ADDED ENTRY--PERSONAL NAME | |
| Personal name | Krishna M m |
| 9 (RLIN) | 215039 |
| 700 ## - ADDED ENTRY--PERSONAL NAME | |
| Personal name | Rakshitha K |
| 9 (RLIN) | 215040 |
| 942 ## - ADDED ENTRY ELEMENTS (KOHA) | |
| Source of classification or shelving scheme | Dewey Decimal Classification |
| Koha item type | Donated Books |
| Withdrawn status | Lost status | Source of classification or shelving scheme | Damaged status | Not for loan | Collection code | Home library | Current library | Date acquired | Cost, normal purchase price | Total Checkouts | Full call number | Barcode | Date last seen | Cost, replacement price | Price effective from | Koha item type |
|---|---|---|---|---|---|---|---|---|---|---|---|---|---|---|---|---|
| Dewey Decimal Classification | Statistics | St Aloysius Library | St Aloysius Library | 05/21/2025 | 250.00 | 519.5 GIRQ | D06306 | 06/11/2025 | 250.00 | 06/11/2025 | Donated Books |